<?xml version="1.0" encoding="UTF-8"?>
<record
    xmlns:xsi="http://www.w3.org/2001/XMLSchema-instance"
    xsi:schemaLocation="http://www.loc.gov/MARC21/slim http://www.loc.gov/standards/marcxml/schema/MARC21slim.xsd"
    xmlns="http://www.loc.gov/MARC21/slim">

  <leader>01940nam a2200313 a 4500</leader>
  <controlfield tag="001">000022324</controlfield>
  <controlfield tag="003">DO-SdBNP</controlfield>
  <controlfield tag="005">20171023084046.0</controlfield>
  <controlfield tag="007">000022324</controlfield>
  <controlfield tag="008">100927s1997    dr ac         001 0 spa d</controlfield>
  <datafield tag="040" ind1=" " ind2=" ">
    <subfield code="a">BPMSU</subfield>
    <subfield code="b">spa</subfield>
    <subfield code="c">BPMSU</subfield>
  </datafield>
  <datafield tag="082" ind1=" " ind2=" ">
    <subfield code="a">972.9324</subfield>
    <subfield code="b">L864h</subfield>
  </datafield>
  <datafield tag="100" ind1="1" ind2=" ">
    <subfield code="a">L&#xF3;pez Reyes, Oscar</subfield>
  </datafield>
  <datafield tag="245" ind1="1" ind2="0">
    <subfield code="a">Historia del desarrollo de Barahona /</subfield>
    <subfield code="c">Oscar L&#xF3;pez Reyes ; pr&#xF3;logo Wilson S. G&#xF3;mez Ram&#xED;rez.</subfield>
  </datafield>
  <datafield tag="246" ind1="1" ind2="4">
    <subfield code="a">Historia del desarrollo de Barahona:</subfield>
    <subfield code="b">narraci&#xF3;n e interpretaci&#xF3;n</subfield>
  </datafield>
  <datafield tag="250" ind1=" " ind2=" ">
    <subfield code="a">2a ed.</subfield>
  </datafield>
  <datafield tag="260" ind1=" " ind2=" ">
    <subfield code="a">Santo Domingo :</subfield>
    <subfield code="b">Mediabyte,</subfield>
    <subfield code="c">[199-?].</subfield>
  </datafield>
  <datafield tag="300" ind1=" " ind2=" ">
    <subfield code="a">xix, 455 p. :</subfield>
    <subfield code="b">il. ;</subfield>
    <subfield code="c">21 cm.</subfield>
  </datafield>
  <datafield tag="504" ind1=" " ind2=" ">
    <subfield code="a">Bibliograf&#xED;a : p. 443-453</subfield>
  </datafield>
  <datafield tag="505" ind1="2" ind2=" ">
    <subfield code="t">Pr&#xF3;logo --</subfield>
    <subfield code="t">Introducci&#xF3;n --</subfield>
    <subfield code="t">Espa&#xF1;a en los siglos XV y XVII --</subfield>
    <subfield code="t">Rebeli&#xF3;n de Rold&#xE1;n --</subfield>
    <subfield code="t">Alzamiento de Enriquillo --</subfield>
    <subfield code="t">Barahona : origen y fundaci&#xF3;n --</subfield>
    <subfield code="t">Ocupaci&#xF3;n haitiana e independencia nacional --</subfield>
    <subfield code="t">Anexi&#xF3;n a Espa&#xF1;a y restauraci&#xF3;n --</subfield>
    <subfield code="t">Etapa de gran desarrollo y confrontaci&#xF3;n --</subfield>
    <subfield code="t">Barahona adquiere categor&#xED;a social --</subfield>
    <subfield code="t">Gobierno del padre Nouel en Barahona --</subfield>
    <subfield code="t">Invasi&#xF3;n norteamericana --</subfield>
    <subfield code="t">El gobierno de Horacio V&#xE1;squez (1924-1930) --</subfield>
    <subfield code="t">La tiran&#xED;a de Trujillo (1930-61) --</subfield>
    <subfield code="t">Per&#xED;odo post-trujillista (1961-1964) --</subfield>
    <subfield code="t">La revoluci&#xF3;n del 24 abril -- Joaqu&#xED;n Balaguer : 12 a&#xF1;os de despotismo ilustrado --</subfield>
    <subfield code="t">Apertura democr&#xE1;tico-institucional (1978-1982) --</subfield>
    <subfield code="t">Panorama a finales del siglo XX --</subfield>
    <subfield code="t">Iglesia, pol&#xED;tica y comunicaci&#xF3;n --</subfield>
    <subfield code="t">Cultura, arte y literatura --</subfield>
    <subfield code="t">Deportes --</subfield>
    <subfield code="t">Composici&#xF3;n geogr&#xE1;fica --</subfield>
    <subfield code="t">Bibliograf&#xED;a general.</subfield>
  </datafield>
  <datafield tag="650" ind1=" " ind2="4">
    <subfield code="a">CIUDADES Y PUEBLOS</subfield>
    <subfield code="z">REP&#xDA;BLICA DOMINICANA</subfield>
  </datafield>
  <datafield tag="651" ind1=" " ind2="4">
    <subfield code="a">BARAHONA (REP&#xDA;BLICA DOMINICANA)</subfield>
    <subfield code="x">HISTORIA LOCAL</subfield>
  </datafield>
  <datafield tag="651" ind1=" " ind2="4">
    <subfield code="a">BARAHONA (REP&#xDA;BLICA DOMINICANA)</subfield>
    <subfield code="x">VIDA SOCIAL Y COSTUMBRES</subfield>
  </datafield>
  <datafield tag="700" ind1="1" ind2=" ">
    <subfield code="a">G&#xF3;mez Ram&#xED;rez, Wilson S.</subfield>
  </datafield>
  <datafield tag="910" ind1=" " ind2=" ">
    <subfield code="a">Validado. Control de calidad BNPHU</subfield>
  </datafield>
  <datafield tag="942" ind1=" " ind2=" ">
    <subfield code="2">ddc</subfield>
    <subfield code="c">BK</subfield>
  </datafield>
  <datafield tag="945" ind1=" " ind2=" ">
    <subfield code="a">T&#xED;tulo remanejado para BNPHU / 2017 VM</subfield>
  </datafield>
  <datafield tag="952" ind1=" " ind2=" ">
    <subfield code="0">0</subfield>
    <subfield code="1">0</subfield>
    <subfield code="2">ddc</subfield>
    <subfield code="4">0</subfield>
    <subfield code="7">0</subfield>
    <subfield code="8">DOM</subfield>
    <subfield code="a">BPMET</subfield>
    <subfield code="b">BPMET</subfield>
    <subfield code="d">2015-06-23</subfield>
    <subfield code="l">0</subfield>
    <subfield code="o">972.9324 L864h [199-?] </subfield>
    <subfield code="p">BPMET15060121</subfield>
    <subfield code="r">2015-06-23</subfield>
    <subfield code="w">2015-06-23</subfield>
    <subfield code="y">BK</subfield>
  </datafield>
  <datafield tag="952" ind1=" " ind2=" ">
    <subfield code="0">0</subfield>
    <subfield code="1">0</subfield>
    <subfield code="2">ddc</subfield>
    <subfield code="4">0</subfield>
    <subfield code="7">0</subfield>
    <subfield code="8">DOM</subfield>
    <subfield code="a">BPMET</subfield>
    <subfield code="b">BPMET</subfield>
    <subfield code="d">2015-06-23</subfield>
    <subfield code="l">0</subfield>
    <subfield code="o">972.9324 L864h  [199-?]</subfield>
    <subfield code="p">BPMET15060122</subfield>
    <subfield code="r">2015-06-23</subfield>
    <subfield code="t">e. 2</subfield>
    <subfield code="w">2015-06-23</subfield>
    <subfield code="y">BK</subfield>
  </datafield>
  <datafield tag="956" ind1=" " ind2=" ">
    <subfield code="a">VMATEO</subfield>
    <subfield code="b">10</subfield>
    <subfield code="c">20150928</subfield>
    <subfield code="l">BPMSU</subfield>
    <subfield code="h">00151</subfield>
  </datafield>
  <datafield tag="999" ind1=" " ind2=" ">
    <subfield code="c">7927</subfield>
    <subfield code="d">7927</subfield>
  </datafield>
</record>
